Hello in Different Languages - Statistics

General Stats
  • This quiz has been taken 26 times
    19 since last reset
  • The average score is 8 of 15
Answer Stats
Hello Language % Correct
Ciao Italian
100%
Hola Spanish
100%
Bonjour French
88%
Hello English
82%
Ni Hao Chinese
76%
Hallo German
76%
Namaste Hindi
59%
Czesc Polish
41%
Merhaba Turkish
41%
xin chao Vietnamese
41%
Ola Portuguese
35%
Merhabaan Arabic
29%
Dia Dhuit Irish
24%
Halla Swedish
24%
alo Creole
0%
No matching quizzes found
Score Distribution
Percent of People with Each Score
Percentile by Number Answered
Your Score History
You have not taken this quiz since the last reset